000
00314cam a2200133ua 4500
999
_c
13184
_d
13184
020
_a
9788126517572
082
_a
519.2
_b
ROS/ST
100
_a
Ross, Sheldon M .
_9
3112
245
_a
Stochastic processes /
250
_a
2 /
260
_a
London :
_b
John Wiley & Sons ,
_c
2006.
300
_a
510 ; .
942
_c
BK